|
|
|
|
| LEADER |
00000nam0a2200000 4500 |
| 001 |
126758 |
| 005 |
20231031132009.0 |
| 010 |
|
|
|a 5050022649
|
| 020 |
|
|
|a RU
|b 88-21188
|
| 035 |
|
|
|a (RuTPU)RU\TPU\book\137121
|
| 090 |
|
|
|a 126758
|
| 100 |
|
|
|a 20071204d1988 m y0rusy5003 ca
|
| 101 |
1 |
|
|a rus
|c spa
|
| 102 |
|
|
|a RU
|
| 105 |
|
|
|a y z 000ay
|
| 200 |
1 |
|
|a Письма шестидесятилетнего жизнелюбца. Клад
|e Роман; Повесть : Пер. с исп.
|f М. Делибес
|g авт. предисл. В. Виноградов ; худож. А. В. Сапожников
|
| 210 |
|
|
|a Москва
|c Радуга
|d 1988
|
| 215 |
|
|
|a 232 с.
|d 17 см
|
| 610 |
1 |
|
|a испанская литература
|
| 610 |
1 |
|
|a романы
|
| 610 |
1 |
|
|a повести
|
| 675 |
|
|
|a 86
|z rus
|
| 700 |
|
1 |
|a Делибес
|b М.
|g Мигель
|4 070
|
| 702 |
|
1 |
|a Виноградов
|b В.
|4 080
|
| 702 |
|
1 |
|a Сапожников
|b А. В.
|4 440
|
| 801 |
|
0 |
|a RU
|b RuMRKP
|c 19950417
|g psbo
|
| 801 |
|
1 |
|a RU
|b 63413507
|c 20071204
|g PSBO
|
| 801 |
|
2 |
|a RU
|b 63413507
|c 20071204
|g PSBO
|
| 942 |
|
|
|c BK
|